INCOME TAX ACT 1961 (Record no. 34367)

MARC details
000 -LEADER
fixed length control field 00368nam a22001457a 4500
003 - CONTROL NUMBER IDENTIFIER
control field SGT
020 ## - INTERNATIONAL STANDARD BOOK NUMBER
International Standard Book Number 9789371266048
082 ## - DEWEY DECIMAL CLASSIFICATION NUMBER
Classification number 343.052
Item number TAX
100 ## - MAIN ENTRY--PERSONAL NAME
Personal name TAXMANN
245 ## - TITLE STATEMENT
Title INCOME TAX ACT 1961
Remainder of title COMPANIES ACT 2013 CGST ACT 2017
260 ## - PUBLICATION, DISTRIBUTION, ETC. (IMPRINT)
Place of publication, distribution, etc NEW DELHI
Name of publisher, distributor, etc TAXMANN
Year of Publication 2025
300 ## - PAGE DESCRIPTION
No. of Pages 3.11
653 ## - KEYWORDS--INDEX TERM
Keyword term INCOME TAX ACT , COMPANIES ACT , CGST ACT
942 ## - ADDED ENTRY ELEMENTS (KOHA)
Source of classification or shelving scheme Dewey Decimal Classification
Koha item type Books
Holdings
Withdrawn status Lost status Source of classification or shelving scheme Damaged status Not for loan Collection code Home library Current library Shelving location Date acquired Vendor Name Cost, normal purchase price SGTU Bill Number Total Checkouts Full call number Accession No. (Barcode) Date last seen Bill Date Koha item type
    Dewey Decimal Classification     LAW SGT Science & Social Sciences Library SGT Science & Social Sciences Library Text Book 17/03/2026 ZAFFA BOOKS 95.00 SGTU ZBD0463   343.052 TAX FL4161 17/03/2026 03/03/2026 Books
    Dewey Decimal Classification     LAW SGT Science & Social Sciences Library SGT Science & Social Sciences Library Text Book 17/03/2026 ZAFFA BOOKS 95.00 SGTU ZBD0463   343.052 TAX FL4162 17/03/2026 03/03/2026 Books
    Dewey Decimal Classification     LAW SGT Science & Social Sciences Library SGT Science & Social Sciences Library Text Book 17/03/2026 ZAFFA BOOKS 95.00 SGTU ZBD0463   343.052 TAX FL4163 17/03/2026 03/03/2026 Books
    Dewey Decimal Classification     LAW SGT Science & Social Sciences Library SGT Science & Social Sciences Library Text Book 17/03/2026 ZAFFA BOOKS 95.00 SGTU ZBD0463   343.052 TAX FL4164 17/03/2026 03/03/2026 Books
    Dewey Decimal Classification     LAW SGT Science & Social Sciences Library SGT Science & Social Sciences Library Text Book 17/03/2026 ZAFFA BOOKS 95.00 SGTU ZBD0463   343.052 TAX FL4165 17/03/2026 03/03/2026 Books